000 00525nam a2200193Ia 4500
003 LDD
008 181029s9999 xx 000 0 und d
020 _a415237971
_cP 20.99
040 _cLDD
100 _aHems, Alison
245 0 _aHeritage Interpretation
_cAlison Hems
260 _aNew York
_bRoutledge
_c2006
300 _ax, 211p.
365 _bP 20.99
901 _a3505
_b20-11-2006
902 _a11484
_b27-12-2006
_cF
_dGBH
_e95
903 _aDiscount-10
_bReqst by : Kumar, Kapil (Dr.)
942 _2ddc
_cBK
999 _c76984
_d76984